000 00420nam a22001697a 4500
003 NUST - PNEC
005 20170116180828.0
008 150728b xxu||||| |||| 00| 0 eng d
020 _a0673467260
040 _cLIBRARY
082 _a515 LIA
100 _94493
_aLial, Margaret L.
245 _aCalculus with applications
_cMargaret L. Lial
250 _a5th ed
650 _94494
_aMathematics
_xME
942 _2ddc
_cBK
999 _c63958
_d63958